00728nam a2200241Ia 4500001000600000003000900006008004100015040001300056040001300069041001300082100001700095100002900112245003900141245003900180250001100219260004500230260004900275300005500324650002800379650003100407700001900438700002900457A9376IT-RoPAU130308s9999 xx 000 0 und d aIT-RoPAU cIT-RoPAU aITALIANO aArosio Mario gCodice Aut. SPICS: 9786 aGiorno del sole (Il)-Sceneggiatura bGiorno del sole (Il)-Sceneggiatura a1a ed. bs.e. (senza Editrice o non identificata) c1986 [1° Ed.:1986 - Ed.Ling.Originale:1986] a"15 p. (prefazione: no ; testo: 15 [pagine: 0-0])" aAUTORI/OPERE DEL CINEMA eCodice materia Spics: 6807 aBalduini Ivano gCodice Aut. SPICS: 36715